000 00599nam a2200265Ia 4500
005 20260306164341.0
008 008 260114s9999 xx 000 0 eng d
020 _a9780262319003
037 _aEBOOK
040 _aCRL
040 _beng
040 _cCRL
041 _2eng
041 _aeng
084 _qCRL
100 _aSlemrod, Gillitzer
_91130519
245 0 _aTax Systems
260 _bThe MIT Press
260 _c2014
650 _aEconomics & Finance
856 _uhttps://academic.oup.com/book/18384
942 _cEBOOK
999 _c1713744
_d1713744